000 00331nam a22001457a 4500
008 230913b ||||| |||| 00| 0 eng d
020 _a0262021153
041 _aeng
080 _a521
082 _a521BRE
100 _a19
101 _aASTRO
245 _aHIGH ENERGY ASTROPHYSICS AND ITS RELATION
_cBRECHER
942 _2udc
_cBK
999 _c60379
_d60379